How to make an Egyptian coffin : the construction and decoration of Nespawershefyt's coffin set /

محفوظ في:

المؤلف الرئيسي: Dawson, Julie (Conservator) (مؤلف)

التنسيق: كتاب

اللغة: English

منشور في: Cambridge : The Fitzwilliam Museum, 2018.

الموضوعات:

الوسوم: إضافة وسم

لا توجد وسوم, كن أول من يضع وسما على هذه التسجيلة!

رقم الطلب: TT197.5 .C62 D39 2018

LEADER 00842nam a22002177a 4500
005 20250828125021.0
008 240530s2018 enka b 000 0 eng d
020 |a 9781910731130 
040 |c ARCE Library 
050 4 |a TT197.5 .C62 D39 2018 
100 1 |a Dawson, Julie   |c (Conservator),   |e author 
245 1 0 |a How to make an Egyptian coffin :   |b the construction and decoration of Nespawershefyt's coffin set /   |c Julie Dawson. 
260 |a Cambridge :   |b The Fitzwilliam Museum,   |c 2018. 
300 |a 58 pages :   |b illustrations ;   |c 21 cm. 
504 |a Includes bibliographical references. 
650 0 |a Coffins   |x Conservation and restoration   |z Egypt. 
650 0 |a Coffins   |x Conservation and restoration   |v Handbooks, manuals, etc. 
650 0 |a Coffins   |z Egypt. 
710 2 |a Fitzwilliam Museum,   |e publisher 
942 |2 lcc  |c BK 
999 |c 58391  |d 58391